| 000 | 01126nam a2200313Ia 4500 | ||
|---|---|---|---|
| 001 | Z_569 | ||
| 003 | CHAP | ||
| 008 | 220113s1983 xx 000 0 und d | ||
| 010 | _a163679 | ||
| 040 | _cCHAP | ||
| 090 | _aTesis O24 242 | ||
| 100 |
_aOchoa Palacios, Jorge Joaquín _982691 |
||
| 245 |
_aPatrones de fermentación y rendimiento en canal de borregos alimentados con rastrojo de maíz tratado con NaOH / _c Jorge Joaquín Ochoa Palacios |
||
| 260 |
_aMéxico : _bEl autor, _c1983 |
||
| 300 | _a80 h. | ||
| 502 | _aTesis (Ingeniero Agrónomo Especialista en Zootecnia) -- UACh, 1983 \ Dirección: Maximino Huerta Bravo; asesoría: Ruy Orcasberro Gómez y Mora Vital, Ma. Guadalupe | ||
| 650 |
_aCarne de borrego en canal _919123 |
||
| 650 |
_aGanado lanar _xAlimentación\ _945153 |
||
| 650 |
_aMaíz como forraje\ _971109 |
||
| 700 |
_a Mora Vital, Ma. Guadalupe, asesor _9137815 |
||
| 700 |
_a Orcasberro Gómez, Ruy, asesor _9137816 |
||
| 700 |
_aHuerta Bravo, Maximino, director _9137817 |
||
| 901 | _aTESIS O24 242 | ||
| 902 | _aM | ||
| 910 | _a1983 | ||
| 942 | _c2 | ||
| 942 | _c2 | ||
| 999 |
_c163679 _d163679 |
||